Fragile monument : (Record no. 353983)

000 -LEADER
fixed length control field 02208nam a2200229 a 4500
001 - CONTROL NUMBER
control field ASIN1907317473
003 - CONTROL NUMBER IDENTIFIER
control field OSt
005 - DATE AND TIME OF LATEST TRANSACTION
control field 20180116192423.0
008 - FIXED-LENGTH DATA ELEMENTS--GENERAL INFORMATION
fixed length control field 140714s2012 xxu eng d
020 ## - INTERNATIONAL STANDARD BOOK NUMBER
International Standard Book Number 1907317473 (paperback)
Terms of availability $29.95
020 ## - INTERNATIONAL STANDARD BOOK NUMBER
International Standard Book Number 9781907317477 (paperback)
040 ## - CATALOGING SOURCE
Transcribing agency sada
082 ## - DEWEY DECIMAL CLASSIFICATION NUMBER
Classification number 720.288
Author Mark ARR 2012
100 1# - MAIN ENTRY--PERSONAL NAME
Personal name Arrhenius, Thordis.
9 (RLIN) 7657
245 10 - TITLE STATEMENT
Title Fragile monument :
Remainder of title on conservation and modernity /
Statement of responsibility, etc. Thordis Arrhenius.
260 ## - PUBLICATION, DISTRIBUTION, ETC.
Place of publication, distribution, etc. London :
Name of publisher, distributor, etc. Black Dog Publishing,
Date of publication, distribution, etc. 2012.
300 ## - PHYSICAL DESCRIPTION
Extent 176 p. ;
Dimensions 25 cm.
520 ## - SUMMARY, ETC.
Summary, etc. The Fragile Monument is a study of the discourse of conservation and its effect on the notion and role of the monument in contemporary western society. Through a revisionist account of the history of conservation, the book explores how the monument has been transformed from an object that originally communicated permanence to an object that is perceived as fragile and in need of protection. The argument put forward is that the expansion and popularisation of conservation is bound to a narrative of loss and danger that reveals a paradoxical relationship between destruction and preservation. In a series of case-studies the book shows how spatial devices have been used to negotiate this paradox and how this use of space has contributed to the defining of the monument as an object of conservation. Throughout its history, conservation has been surrounded by a polemic dominated by concepts of authenticity, origin and authorship. By studying that debate in relation to the case-studies, The Fragile Monument adumbrates the implications these concepts carry with them, both for the discipline of conservation and for the discourse of architecture as a whole. Identifying and examining particular 'sites of conflicts' where critical uncertainty, ambivalence, and heated debates have surrounded the 'object' of restoration, The Fragile Monument contributes significantly to expanding and shifting architectural discourse into a direction of crucial relevance today.
650 ## - SUBJECT ADDED ENTRY--TOPICAL TERM
Topical term or geographic name entry element Monuments
General subdivision Conservation and restoration
9 (RLIN) 7658
856 40 - ELECTRONIC LOCATION AND ACCESS
Materials specified Amazon.com
Uniform Resource Identifier <a href="http://www.amazon.com/exec/obidos/ASIN/1907317473/chopaconline-20">http://www.amazon.com/exec/obidos/ASIN/1907317473/chopaconline-20</a>
942 ## - ADDED ENTRY ELEMENTS (KOHA)
Source of classification or shelving scheme
Koha item type Book
Holdings
Withdrawn status Lost status Source of classification or shelving scheme Damaged status Not for loan Permanent Location Current Location Date acquired Total Checkouts Full call number Barcode Date last seen Date last checked out Cost, replacement price Price effective from Koha item type
          School of Art Design and Architecture (SADA) School of Art Design and Architecture (SADA) 07/14/2014 1 720.288 ARR 2012 SADA0002349 12/31/2014 12/30/2014 2751.26 07/14/2014 Book
© 2023 Central Library, National University of Sciences and Technology. All Rights Reserved.